Biggs cost accounts Ed 10 (Record no. 226663)

MARC details
000 -LEADER
fixed length control field 00637nam a22002417a 4500
005 - DATE AND TIME OF LATEST TRANSACTION
control field 20230210164835.0
008 - FIXED-LENGTH DATA ELEMENTS--GENERAL INFORMATION
fixed length control field 230210b ||||| |||| 00| 0 eng d
020 ## - INTERNATIONAL STANDARD BOOK NUMBER
International Standard Book Number 0712102795
040 ## - CATALOGING SOURCE
Transcribing agency AL
041 ## - LANGUAGE CODE
Language code of text/sound track or separate title eng
082 ## - DEWEY DECIMAL CLASSIFICATION NUMBER
Edition number 23
Classification number 657.42
Item number WALB
100 ## - MAIN ENTRY--PERSONAL NAME
Personal name Wald J
100 ## - MAIN ENTRY--PERSONAL NAME
9 (RLIN) 71920
245 ## - TITLE STATEMENT
Title Biggs cost accounts Ed 10
250 ## - EDITION STATEMENT
Edition statement 10
260 ## - PUBLICATION, DISTRIBUTION, ETC.
Place of publication, distribution, etc. London
Name of publisher, distributor, etc. The English Language Book Society
Date of publication, distribution, etc. 1979
300 ## - PHYSICAL DESCRIPTION
Extent xii,379p.
Other physical details PB
Dimensions 21x13cm.
365 ## - TRADE PRICE
Source of price type code Commerce
650 ## - SUBJECT ADDED ENTRY--TOPICAL TERM
Topical term or geographic name entry element Materials
9 (RLIN) 71921
650 ## - SUBJECT ADDED ENTRY--TOPICAL TERM
Topical term or geographic name entry element Personnel and Labour Cost
9 (RLIN) 71922
650 ## - SUBJECT ADDED ENTRY--TOPICAL TERM
Topical term or geographic name entry element Budgetary Control
9 (RLIN) 71923
700 ## - ADDED ENTRY--PERSONAL NAME
Personal name WALD (J)
9 (RLIN) 71924
942 ## - ADDED ENTRY ELEMENTS (KOHA)
Source of classification or shelving scheme Dewey Decimal Classification
Koha item type Donated Books
Holdings
Withdrawn status Lost status Source of classification or shelving scheme Damaged status Not for loan Collection code Home library Current library Date acquired Total Checkouts Full call number Barcode Date last seen Price effective from Koha item type
    Dewey Decimal Classification     Commerce St Aloysius Library St Aloysius Library 11/25/2014   657.42 WALB D05237 02/10/2023 02/10/2023 Donated Books